Associer ces acteurs à leurs films #1 - Le Splendid - Statistiques

Statistiques générales
  • Ce quiz a été pris 37 fois
  • Le résultat moyen est 11 sur 21
Statistiques - réponses
Hint Réponse % Correct
Les Choristes Gérard Jugnot
86%
Le Dîner de cons Thierry Lhermitte
86%
Un Indien dans la ville Thierry Lhermitte
86%
Qu'est-ce qu'on a fait au Bon Dieu ? Christian Clavier
84%
Napoléon Christian Clavier
84%
Marche à l'Ombre Michel Blanc
81%
Je vous trouve très beau Michel Blanc
81%
L'Opération Corned Beef Christian Clavier
73%
Les Ripoux Thierry Lhermitte
70%
Tenue de Soirée Michel Blanc
46%
Trop Belle pour toi Josiane Balasko
43%
Un Crime au paradis Josiane Balasko
43%
Plus belle la vie Bruno Moynot
35%
Rien à déclarer Bruno Moynot
35%
Tandem Gérard Jugnot
32%
Camping 3 Gérard Jugnot
32%
La Gitane Marie-Anne Chazel
32%
Après la guerre Bruno Moynot
22%
Nous irons tous au paradis Josiane Balasko
19%
L'Aile ou la Cuisse Marie-Anne Chazel
11%
La Vie dissolue de Gérard Floque Marie-Anne Chazel
5%
Aucun quiz correspondant
Distribution des résultats
% des personnes avec chaque résultat
Percentile par nombre de réponses
Votre historique - résultats
Vous n’avez pas pris ce quiz